Cities Larger Than Istanbul, Türkiye. - Statistics

General Stats
  • This quiz has been taken 247 times
    235 since last reset
  • The average score is 8 of 14
Answer Stats
Country City % Correct
Japan Tokyo
99%
India Delhi
83%
United States New York
80%
Mexico Mexico City
76%
Egypt Cairo
71%
China Beijing
69%
Argentina Buenos Aires
60%
Brazil São Paulo
57%
India Mumbai
56%
Japan Osaka
50%
China Shanghai
50%
Bangladesh Dhaka
42%
Pakistan Karachi
38%
China Chongqing
11%
No matching quizzes found
Score Distribution
Percent of People with Each Score
Percentile by Number Answered
Your Score History
You have not taken this quiz since the last reset